| 000 | nam a22 a 4500 | ||
|---|---|---|---|
| 999 |
_c4408 _d4408 |
||
| 005 | 20170530090527.0 | ||
| 008 | 170530b1990 my ||||| |||| 00| 0 eng d | ||
| 040 | _aAKMAL | ||
| 082 | _a658.312509595 TAN | ||
| 090 |
_a658.312509595 _bTAN |
||
| 100 |
_aTan Seng San _98576 |
||
| 245 |
_aHuman Capital and Job Performance: _bA Case Study of the Royal Customs and Excise Department, International Airport, Subang _cTan Seng San |
||
| 260 |
_aMalaysia _c1990 |
||
| 300 |
_a225 p. _ccm |
||
| 942 |
_2ddc _cBOOK |
||